Pays terminant en "AN" - Statistiques

Statistiques générales
  • Ce quiz a été pris 149 fois
  • Le résultat moyen est 11 sur 15
Réponses sur la Carte
Les réponses sont colorées sur une échelle allant du rouge au vert en fonction du pourcentage des utilisateurs qui les ont devinées à leur premier essai. Vous pouvez retrouver ces pourcentages ci-dessous.
 
Statistiques - réponses
Réponse % Correct
Afghanistan
91%
Pakistan
91%
kazakhstan
90%
Ouzbékistan
90%
Turkmenistan
87%
Iran
85%
Tadjikistan
85%
Kirghizistan
76%
Oman
69%
Azerbaïdjan
66%
Bhoutan
57%
Liban
57%
Soudan
55%
Vatican
37%
Taiwan
20%
Aucun quiz correspondant
Distribution des résultats
% des personnes avec chaque résultat
Percentile par nombre de réponses
Votre historique - résultats
Vous n’avez pas pris ce quiz